[Event "Women's Speed Chess Q5"]
[Site "chess.com INT"]
[Date "2020.06.22"]
[Round "3"]
[White "Fataliyeva, Ulviyya"]
[Black "Yu, Jennifer"]
[Result "1-0"]
[WhiteTitle "WGM"]
[BlackTitle "FM"]
[WhiteElo "2301"]
[BlackElo "2315"]
[WhiteFideId "13403052"]
[BlackFideId "2078341"]
[EventDate "2020.06.22"]

1. e4 g6 2. d4 Bg7 3. Nc3 d6 4. Be3 a6 5. a4 Nc6 6. h3 b6 7. f4 Bb7 8. d5 Nb4 9.
Nf3 Nf6 10. Bc4 O-O 11. O-O c6 12. Qd2 cxd5 13. exd5 Rc8 14. Bb3 Qd7 15. Bxb6
Qf5 16. Rad1 Nd7 17. Ba5 Bxc3 18. bxc3 Nxd5 19. Bxd5 Bxd5 20. Qxd5 Qxc2 21. Qd4
Nc5 22. Rd2 Qxa4 23. Qxa4 Nxa4 24. Rc1 Nc5 25. Ra2 Nb3 26. Rcc2 Rc4 27. Ra3 Nc5
28. Bb4 Nd3 29. Ba5 Rfc8 30. Nd2 Rxf4 31. c4 Rf2 32. Rxd3 Re2 33. Kf1 Re6 34.
Bc3 Rc5 35. Bd4 Rf5+ 36. Nf3 Re4 37. Re2 Ref4 38. Ra2 e5 39. Be3 Rxc4 40. Rxd6
e4 41. Bh6 Rc8 42. Rad2 f6 43. Rd7 exf3 44. g4 Rb5 45. Rg7+ Kh8 46. Rgd7 Rb1+
47. Kf2 Rb6 48. Rd8+ Rxd8 49. Rxd8# 1-0

[Event "Women's Speed Chess Q5"]
[Site "chess.com INT"]
[Date "2020.06.22"]
[Round "3"]
[White "Vidyarthi, Omya"]
[Black "Osmanodja, Filiz"]
[Result "0-1"]
[WhiteTitle "WCM"]
[BlackTitle "WGM"]
[WhiteElo "1709"]
[BlackElo "2293"]
[WhiteFideId "30931665"]
[BlackFideId "24633569"]
[EventDate "2020.06.22"]

1. d4 Nf6 2. Bg5 e6 3. e4 c5 4. c3 h6 5. Bxf6 Qxf6 6. Nf3 cxd4 7. cxd4 Bb4+ 8.
Nbd2 Nc6 9. a3 Ba5 10. b4 Bb6 11. Nb3 O-O 12. Bb5 Qg6 13. O-O Qxe4 14. Nc5 Bxc5
15. dxc5 b6 16. Bd3 Qg4 17. h3 Qh5 18. cxb6 axb6 19. Be4 d5 20. Bd3 e5 21. Bb5
Ne7 22. Be2 e4 23. Nd4 Qg6 24. Nb5 Bxh3 25. g3 Bxf1 26. Bxf1 Rac8 27. Bh3 Rc4
28. Bf1 Rcc8 29. Bh3 Rcd8 30. Rc1 e3 31. Qf3 exf2+ 32. Qxf2 d4 33. Nxd4 Nd5 34.
Nf5 Rfe8 35. Bg2 Qg5 36. Rf1 Nf6 37. Bc6 Rd2 38. Qf3 Ree2 39. Nh4 Rc2 40. Ba4
Ra2 41. Bb3 Rab2 42. Bxf7+ Kxf7 43. Qb7+ Kg8 44. Qc8+ Kh7 45. Qf5+ Qxf5 0-1

[Event "Women's Speed Chess Q5"]
[Site "chess.com INT"]
[Date "2020.06.22"]
[Round "3"]
[White "Nikulina, Alena"]
[Black "Cyfka, Karina"]
[Result "0-1"]
[WhiteTitle "WFM"]
[BlackTitle "IM"]
[WhiteElo "1887"]
[BlackElo "2411"]
[WhiteFideId "4172051"]
[BlackFideId "1122681"]
[EventDate "2020.06.22"]

1. e4 e5 2. Nf3 Nc6 3. Bc4 Nf6 4. d3 Be7 5. c3 O-O 6. O-O d5 7. exd5 Nxd5 8. Bb3
Bg4 9. h3 Bh5 10. Nbd2 Nf4 11. Bc2 Nxd3 12. Ne4 Nxc1 13. Rxc1 Qxd1 14. Bxd1 Bg6
15. Re1 Rad8 16. Bb3 h6 17. Rcd1 Rxd1 18. Bxd1 Rd8 19. Bb3 Kf8 20. Ng3 Bd6 21.
h4 h5 22. Nd2 Na5 23. Bd5 Be7 24. Rxe5 c6 25. Bf3 Rxd2 26. Rxa5 Rxb2 27. Bxh5
Bd3 28. Rxa7 Bc5 29. Ra8+ Ke7 30. Rb8 Bxf2+ 31. Kh2 Ba7 32. Rc8 g6 33. Bf3 f5
34. Rc7+ Kd6 35. Rg7 f4 36. Ne4+ Kd5 37. Nf6+ Kc4 38. Be4 Bxe4 39. Nxe4 f3 40.
Rxg6 f2 41. Rf6 Kd3 42. Ng3 Bb8 43. Rf3+ Kc4 44. h5 Rb5 45. Kh3 Bxg3 46. Kxg3
Rxh5 47. Rxf2 Kxc3 48. Kg4 Rd5 49. g3 b5 50. Kh4 b4 51. g4 c5 52. g5 c4 53. g6
Rd1 54. Kh5 Rh1+ 55. Kg5 Rg1+ 56. Kh6 Kd3 57. g7 c3 58. Kh7 c2 59. Rf3+ Ke4 60.
Rf2 c1=Q 61. g8=Q Rxg8 62. Kxg8 Qg1+ 0-1

[Event "Women's Speed Chess Q5"]
[Site "chess.com INT"]
[Date "2020.06.22"]
[Round "3"]
[White "Injac, Teodora"]
[Black "Fominykh, Maria"]
[Result "0-1"]
[WhiteTitle "WIM"]
[BlackTitle "WGM"]
[WhiteElo "2286"]
[BlackElo "2206"]
[WhiteFideId "932400"]
[BlackFideId "4142411"]
[EventDate "2020.06.22"]

1. d4 Nf6 2. Nf3 g6 3. Nbd2 Bg7 4. e4 d6 5. Bb5+ c6 6. Bd3 Nbd7 7. O-O e5 8. c3
O-O 9. h3 b5 10. Re1 a6 11. Qc2 Bb7 12. a4 Re8 13. b4 Nh5 14. Bb2 Nf4 15. Bf1
Nb6 16. dxe5 Nxa4 17. exd6 Qxd6 18. Nc4 Qe7 19. Na5 Rad8 20. e5 Nxb2 21. Qxb2
Ba8 22. Nd4 Qc7 23. g3 Nd5 24. f4 c5 25. Ne2 cxb4 26. cxb4 Qb6+ 27. Qd4 Qxd4+
28. Nxd4 Nxb4 29. Rad1 f6 30. e6 f5 31. Nf3 Bxf3 32. Rb1 Nc2 33. Rec1 Nd4 34.
Rc7 Nxe6 35. Ra7 Bd4+ 36. Kh2 Bxa7 37. g4 Rd2+ 38. Kg3 Be4 39. gxf5 gxf5 40. Re1
Bf2+ 41. Kh2 Bxe1+ 42. Bg2 Rxg2+ 43. Kh1 Rg3+ 44. Kh2 Rd8 45. Nc6 Rd2# 0-1

[Event "Women's Speed Chess Q5"]
[Site "chess.com INT"]
[Date "2020.06.22"]
[Round "3"]
[White "Mahalakshmi, M"]
[Black "Divya, Deshmukh"]
[Result "0-1"]
[WhiteTitle "WIM"]
[BlackTitle "WIM"]
[WhiteElo "2253"]
[BlackElo "2305"]
[WhiteFideId "5001080"]
[BlackFideId "35006916"]
[EventDate "2020.06.22"]

1. d4 Nf6 2. Bf4 d5 3. e3 Bf5 4. Nf3 e6 5. Bd3 Ne4 6. Nbd2 Bd6 7. Bxd6 cxd6 8.
O-O O-O 9. Qe2 Nc6 10. c3 e5 11. Rfd1 Qf6 12. Nb3 a5 13. a4 Rfe8 14. Bb5 h6 15.
Rac1 Re7 16. h3 Kh7 17. dxe5 dxe5 18. Rxd5 Be6 19. c4 Bxd5 20. cxd5 Nb4 21. Qc4
Nd6 22. Qc5 Rc8 23. Qb6 Rxc1+ 24. Nxc1 Nxd5 25. Qd8 Nxb5 26. axb5 Nc7 27. Qd3+
e4 28. Qc2 g6 29. Nd4 Nd5 30. Nce2 Nb4 31. Qc5 b6 32. Qc1 Qd6 33. Ng3 Nd3 34.
Qd2 f5 35. Nge2 Rc7 36. Nc3 a4 37. Nxa4 Rc1+ 38. Qxc1 Nxc1 39. Nc3 Nd3 40. b3
Qb4 41. Nd5 Qe1+ 42. Kh2 Nxf2 43. Nf6+ Kg7 0-1

[Event "Women's Speed Chess Q5"]
[Site "chess.com INT"]
[Date "2020.06.22"]
[Round "3"]
[White "Tsukerman, Julia"]
[Black "Martynkova, Olena"]
[Result "0-1"]
[WhiteTitle "WCM"]
[BlackTitle "WIM"]
[WhiteElo "1523"]
[BlackElo "2222"]
[WhiteFideId "2621649"]
[BlackFideId "14134039"]
[EventDate "2020.06.22"]

1. e4 c5 2. Nf3 e6 3. d4 cxd4 4. Nxd4 Nc6 5. Nc3 Qc7 6. Be3 a6 7. Qd2 Nf6 8. f3
b5 9. O-O-O Bb7 10. g4 b4 11. Nce2 Nxd4 12. Nxd4 d5 13. g5 Nd7 14. exd5 Bxd5 15.
Kb1 Be7 16. Bg2 O-O 17. f4 Bxg2 18. Qxg2 Bc5 19. h4 Nb6 20. Qe4 Nd5 21. Bc1 Rab8
22. Nb3 a5 23. f5 a4 24. Nxc5 Qxc5 25. Ka1 a3 26. fxe6 axb2+ 27. Bxb2 Nc3 28.
exf7+ Rxf7 29. Qe6 Qe7 30. Qxe7 Rxe7 31. Bxc3 bxc3 32. Rb1 Ra8 33. Rb3 Rea7 34.
a3 Rxa3+ 35. Rxa3 Rxa3+ 36. Kb1 Kf7 37. Rf1+ Kg6 38. Rf3 Kh5 39. Rf4 g6 40. Rf7
Kxh4 41. Rxh7+ Kxg5 42. Rc7 Kh5 43. Rc5+ g5 44. Rc4 g4 45. Rc5+ Kh4 46. Rc6 Kh3
47. Rh6+ Kg2 0-1

[Event "Women's Speed Chess Q5"]
[Site "chess.com INT"]
[Date "2020.06.22"]
[Round "3"]
[White "Bogumil, Tatiana"]
[Black "Tian, Shi Yuan"]
[Result "1/2-1/2"]
[WhiteTitle "WGM"]
[BlackTitle "WFM"]
[WhiteElo "2182"]
[BlackElo "1868"]
[WhiteFideId "4110579"]
[BlackFideId "2623960"]
[EventDate "2020.06.22"]

1. Nf3 Nf6 2. c4 c6 3. b3 g6 4. Bb2 Bg7 5. g3 d5 6. Bg2 O-O 7. O-O a5 8. d3 Nbd7
9. Nbd2 Re8 10. Ne5 Qc7 11. Ndf3 Ng4 12. d4 Ngxe5 13. dxe5 Nxe5 14. Nxe5 Bxe5
15. Bxe5 Qxe5 16. cxd5 Rd8 17. e4 cxd5 18. f4 Qc7 19. e5 Bf5 20. Rc1 Qb6+ 21.
Kh1 Be4 22. Qe2 Bxg2+ 23. Qxg2 Rac8 24. Rxc8 Rxc8 25. Qxd5 Rc2 26. f5 gxf5 27.
Rxf5 Qc6 28. Qxc6 bxc6 29. a4 e6 30. Rf3 Kf8 31. h4 Ke7 32. h5 Re2 33. Rc3 Rxe5
34. Rxc6 Rxh5+ 35. Kg2 Rd5 36. Ra6 Kf6 37. Ra7 h5 38. Kh3 Rd3 39. Rxa5 Rxb3 40.
Rxh5 Ra3 41. Ra5 Kg6 42. Ra8 Kf6 43. a5 Ra4 44. a6 Kf5 45. a7 Kf6 46. Kg2 Kg7
47. Kf3 Ra1 48. Kg4 Ra4+ 49. Kf3 Ra3+ 50. Kf4 Ra4+ 51. Kf3 1/2-1/2

[Event "Women's Speed Chess Q5"]
[Site "chess.com INT"]
[Date "2020.06.22"]
[Round "3"]
[White "Millard, Charlotte"]
[Black "Daulyte-Cornette, Deimante"]
[Result "0-1"]
[WhiteTitle "WCM"]
[BlackTitle "IM"]
[WhiteElo "1252"]
[BlackElo "2400"]
[WhiteFideId "14320363"]
[BlackFideId "12802859"]
[EventDate "2020.06.22"]

1. e4 Nf6 2. e5 Nd5 3. d4 d6 4. c4 Nb6 5. f4 g6 6. Nf3 Bg7 7. h3 Be6 8. b3 O-O
9. Nc3 c5 10. d5 Bc8 11. Bb2 e6 12. Be2 exd5 13. Nxd5 Nxd5 14. Qxd5 dxe5 15.
Qxd8 Rxd8 16. Bxe5 Nc6 17. Bxg7 Kxg7 18. O-O Bf5 19. Nh4 Be4 20. Bf3 Bxf3 21.
Rxf3 Rd2 22. Rf2 Rad8 23. Nf3 Rxf2 24. Kxf2 Nb4 25. Ne5 Rd2+ 26. Kg1 f6 27. Nf3
Rxa2 28. Rb1 Nd3 29. Ne1 Nxf4 30. Nf3 Rxg2+ 31. Kf1 Rc2 32. Ke1 Nd3+ 33. Kf1
Rf2+ 34. Kg1 Rxf3 35. Kg2 Re3 36. b4 cxb4 37. c5 Nxc5 38. Kf2 Rb3 39. Rxb3 Nxb3
40. h4 a5 41. h5 a4 42. hxg6 Kxg6 43. Ke3 a3 44. Ke4 a2 45. Kd5 a1=Q 46. Kd6
Qa6+ 47. Kc7 Qc6+ 48. Kb8 f5 49. Ka7 f4 50. Kb8 f3 51. Ka8 f2 52. Kb8 f1=Q 53.
Ka7 Qfa6+ 54. Kb8 Qe8+ 55. Kc7 Qac6# 0-1

[Event "Women's Speed Chess Q5"]
[Site "chess.com INT"]
[Date "2020.06.22"]
[Round "3"]
[White "Dwilewicz, Katarzyna"]
[Black "Sowa, Wiktoria"]
[Result "0-1"]
[WhiteTitle "WFM"]
[BlackTitle "WFM"]
[WhiteElo "2120"]
[BlackElo "2093"]
[WhiteFideId "1148486"]
[BlackFideId "21836701"]
[EventDate "2020.06.22"]

1. e4 Nf6 2. e5 Nd5 3. d4 d6 4. Nf3 g6 5. Bc4 c6 6. O-O Bg7 7. h3 O-O 8. Re1 Nb6
9. Bb3 d5 10. a4 a5 11. Nbd2 N8d7 12. Nf1 c5 13. c3 e6 14. Bg5 Qc7 15. Be7 Re8
16. Bd6 Qd8 17. dxc5 Nc4 18. Bxc4 dxc4 19. Qd4 b6 20. c6 Nc5 21. Qxc4 Ba6 22.
Qg4 h5 23. Qg5 Qc8 24. c7 Bb7 25. Nd4 Ne4 26. Qf4 Nxd6 27. exd6 e5 28. Qd2 exd4
29. cxd4 Qd7 30. Qf4 Qc6 31. f3 Qd5 32. Ng3 Bxd4+ 33. Kh2 Be5 34. Qg5 Bxg3+ 35.
Qxg3 h4 36. Qf4 g5 37. Qc1 Qxd6+ 38. Kh1 Rxe1+ 39. Qxe1 Qxc7 40. Qd2 Qe5 41. Re1
Qf6 42. Qc3 Qxc3 43. bxc3 Rc8 44. Re3 Bc6 45. Re5 Bxa4 46. Rxg5+ Kf8 47. Rh5
Rxc3 48. Rxh4 b5 49. Rh8+ Kg7 50. Rb8 b4 51. h4 b3 52. h5 Rc1+ 53. Kh2 Rb1 54.
g4 b2 55. g5 Bc6 56. h6+ Kh7 57. Rb6 Bxf3 58. Kg3 Be4 59. Kf4 Rf1+ 60. Kxe4
b1=Q+ 0-1

[Event "Women's Speed Chess Q5"]
[Site "chess.com INT"]
[Date "2020.06.22"]
[Round "3"]
[White "Afraoui, Anaelle"]
[Black "Ramirez, Maria Eugenia"]
[Result "1-0"]
[WhiteTitle "WFM"]
[BlackTitle "WFM"]
[WhiteElo "2120"]
[BlackElo "2057"]
[WhiteFideId "20654383"]
[BlackFideId "3301680"]
[EventDate "2020.06.22"]

1. e4 e5 2. Nf3 Nc6 3. Bb5 Nd4 4. Nxd4 exd4 5. O-O h5 6. d3 Bc5 7. Nd2 c6 8. Bc4
Ne7 9. Nb3 Bb6 10. Qf3 d5 11. exd5 cxd5 12. Bb5+ Bd7 13. Bxd7+ Qxd7 14. Re1
O-O-O 15. Qxf7 Rde8 16. Bg5 Nf5 17. Qxd7+ Kxd7 18. Kf1 h4 19. Rxe8 Rxe8 20. Re1
Rf8 21. Nd2 Ne3+ 22. Kg1 Nxc2 23. Re7+ Kc6 24. Nf3 Nb4 25. Ne5+ Kb5 26. Bxh4 Rc8
27. g3 Ka6 28. Rxg7 Bc7 29. Re7 Bd6 30. Re6 Rc1+ 31. Kg2 b6 32. Rxd6 Nxa2 33.
Rxd5 Re1 34. f4 Nb4 35. Rxd4 Nc2 36. Ra4+ Kb5 37. Re4 Rd1 38. f5 Nb4 39. f6 Nd5
40. f7 Rd2+ 41. Kh3 Rxb2 42. f8=Q Nc3 43. Qe8+ Ka6 44. Qc8+ 1-0

[Event "Women's Speed Chess Q5"]
[Site "chess.com INT"]
[Date "2020.06.22"]
[Round "3"]
[White "Krasteva, Beloslava"]
[Black "Tsotsonava, Elene"]
[Result "0-1"]
[WhiteTitle "FM"]
[BlackTitle "WFM"]
[WhiteElo "2246"]
[BlackElo "2012"]
[WhiteFideId "2922029"]
[BlackFideId "13615939"]
[EventDate "2020.06.22"]

1. d4 d5 2. c4 dxc4 3. e3 c5 4. Bxc4 e6 5. Nf3 cxd4 6. exd4 Nf6 7. O-O Nc6 8.
Nc3 Be7 9. Bg5 O-O 10. Re1 b6 11. Qd3 Bb7 12. Rad1 Nb4 13. Qe2 Nbd5 14. Ne5 Rc8
15. Bb3 h6 16. Bh4 Nf4 17. Qd2 Nxg2 18. Bg3 Nxe1 19. Rxe1 Nd5 20. Ne4 Bb4 21.
Qe2 Bxe1 22. Qxe1 Nf6 23. Nxf6+ Qxf6 24. Nd7 Qf3 25. d5 exd5 26. Bd1 Qf6 27.
Nxf6+ gxf6 28. Qe3 Rfe8 29. Qd2 d4 30. h4 Rc1 31. Kh2 Ra1 32. Bf4 h5 33. Kg3
Rxa2 34. Bf3 Bc8 35. Qxd4 Ra5 36. Qxf6 Rf5 37. Qxf5 Bxf5 38. Bxh5 Bg6 39. Bxg6
fxg6 40. Kg4 Re2 41. Be3 Rxb2 42. Kg5 Kh7 43. h5 gxh5 44. Kxh5 a5 45. Kg5 a4 46.
Kf5 a3 47. Ke4 a2 48. Bd4 a1=Q 49. Bxb2 Qxb2 0-1

[Event "Women's Speed Chess Q5"]
[Site "chess.com INT"]
[Date "2020.06.22"]
[Round "3"]
[White "Mrudul, Dehankar"]
[Black "Osmak, Iulija"]
[Result "1-0"]
[WhiteTitle "WIM"]
[BlackTitle "IM"]
[WhiteElo "2256"]
[BlackElo "2438"]
[WhiteFideId "25096990"]
[BlackFideId "14101602"]
[EventDate "2020.06.22"]

1. e4 e6 2. Nf3 d5 3. Nc3 Nf6 4. e5 Nfd7 5. d4 c5 6. dxc5 Nc6 7. Bf4 a6 8. Qd2
Nxc5 9. a3 Be7 10. b4 Nd7 11. Bd3 Qc7 12. O-O Ncxe5 13. Nxe5 Nxe5 14. Rfe1 Bd6
15. Nxd5 exd5 16. Bxe5 Bxe5 17. Rxe5+ Qxe5 18. Re1 Qxe1+ 19. Qxe1+ Be6 20. f4
O-O 21. f5 Bd7 22. f6 g6 23. Qh4 Kh8 24. Qh6 Rg8 25. Kf2 Rae8 26. h4 Re6 27. Qg5
d4 28. h5 Bb5 29. hxg6 fxg6 30. Bxb5 axb5 31. Qxb5 Rxf6+ 32. Kg3 Rf7 33. Qe5+
Rfg7 34. Qxd4 Rc8 35. c4 h5 36. c5 Kh7 37. a4 Rcc7 38. b5 Rgd7 39. Qc4 Rf7 40.
a5 Rf5 41. c6 bxc6 42. b6 Rcf7 43. a6 Rg5+ 44. Kh2 Ra5 45. b7 Rf8 46. Qb4 Rb5
47. Qxf8 1-0

[Event "Women's Speed Chess Q5"]
[Site "chess.com INT"]
[Date "2020.06.22"]
[Round "3"]
[White "Gunina, Valentina"]
[Black "Solozhenkina, Elizaveta"]
[Result "1/2-1/2"]
[WhiteTitle "GM"]
[BlackTitle "WIM"]
[WhiteElo "2431"]
[BlackElo "2301"]
[WhiteFideId "4167570"]
[BlackFideId "34106615"]
[EventDate "2020.06.22"]

1. e4 c6 2. Nf3 d5 3. d3 g6 4. Qe2 Bg7 5. Nbd2 Bg4 6. h3 Bxf3 7. Nxf3 Nd7 8. e5
e6 9. Bg5 Qb6 10. c3 h6 11. Bh4 Ne7 12. g4 g5 13. Bg3 Ng6 14. d4 c5 15. Qb5 Qxb5
16. Bxb5 Rc8 17. Kd2 a6 18. Bd3 cxd4 19. cxd4 Ke7 20. h4 gxh4 21. Nxh4 Nxh4 22.
Bxh4+ f6 23. f4 Kf7 24. Rae1 h5 25. f5 fxe5 26. dxe5 Nxe5 27. Rhf1 hxg4 28.
fxe6+ Kxe6 29. Bf5+ Kd6 30. Bg3 Rce8 31. Kd1 Rh3 32. Bf4 Rhh8 33. Bxg4 Bh6 34.
Bg3 Bg7 35. Rf7 Rhg8 36. Rxb7 Kc5 37. Bf5 Kc6 38. Rb3 Nc4 39. Rxe8 Rxe8 40. Bf2
Bxb2 41. Bd3 Be5 42. Bxc4 dxc4 43. Rb6+ Kd5 44. Rxa6 Rb8 45. Ra5+ Ke4 46. Rxe5+
Kxe5 47. Bg3+ Kd5 48. Bxb8 c3 49. a4 Kc6 50. Ba7 c2+ 51. Kxc2 Kb7 1/2-1/2

[Event "Women's Speed Chess Q5"]
[Site "chess.com INT"]
[Date "2020.06.22"]
[Round "3"]
[White "Matveeva, Olga"]
[Black "Sihite, Chelsie Monica Ignesias"]
[Result "0-1"]
[WhiteTitle "WIM"]
[BlackTitle "WIM"]
[WhiteElo "2171"]
[BlackElo "2252"]
[WhiteFideId "24107018"]
[BlackFideId "7101198"]
[EventDate "2020.06.22"]

1. d4 b6 2. c4 Bb7 3. Nc3 g6 4. e3 Bg7 5. Nge2 h5 6. Nf4 h4 7. h3 d6 8. Qc2 Nd7
9. Bd2 e5 10. dxe5 dxe5 11. Nfd5 c6 12. Nb4 Ngf6 13. O-O-O Qe7 14. Be2 a5 15.
Nd3 e4 16. Ne1 Nc5 17. f3 a4 18. fxe4 Nfxe4 19. Nxe4 Nxe4 20. Nd3 a3 21. b3 c5
22. Rhf1 Ng3 23. Rf2 Nxe2+ 24. Rxe2 Qf6 25. e4 Qa1+ 26. Qb1 O-O-O 27. Qxa1 Bxa1
28. Kc2 Bf6 29. Bc3 Bxc3 30. Kxc3 Rd4 31. e5 Rhd8 32. e6 fxe6 33. Rxe6 Bxg2 34.
Rxb6 Bf3 35. Rd2 g5 36. Rb5 Be4 37. Rxc5+ Kb8 38. Rb5+ Ka7 39. Rxg5 Rxd3+ 40.
Rxd3 Rxd3+ 41. Kb4 Rxh3 42. Kxa3 Rh2 43. Rh5 h3 44. b4 Rh1 45. b5 h2 46. c5 Bd5
47. Rh7+ Kb8 48. c6 Bg8 49. Rh8 Kc7 50. Rxg8 Rg1 51. Rh8 h1=Q 52. Rxh1 Rxh1 53.
Kb4 Kb6 54. a4 Rh4+ 55. Kb3 Rg4 56. Ka3 Ka5 57. c7 Rc4 0-1

[Event "Women's Speed Chess Q5"]
[Site "chess.com INT"]
[Date "2020.06.22"]
[Round "3"]
[White "Luong, Phuong Hanh"]
[Black "Dzagnidze, Nana"]
[Result "1-0"]
[WhiteTitle "WIM"]
[BlackTitle "GM"]
[WhiteElo "2230"]
[BlackElo "2524"]
[WhiteFideId "12401013"]
[BlackFideId "13601903"]
[EventDate "2020.06.22"]

1. d4 Nf6 2. Nf3 e6 3. e3 c5 4. Bd3 b6 5. O-O Bb7 6. c4 Be7 7. Nc3 cxd4 8. exd4
h6 9. d5 O-O 10. Bc2 exd5 11. cxd5 Re8 12. Nd4 Bf8 13. Nf5 Na6 14. a3 Nc5 15.
Qd4 a5 16. Bf4 Rc8 17. Bd6 Ba6 18. Rfd1 Ra8 19. Bxf8 Rxf8 20. b4 d6 21. bxc5
dxc5 22. Qh4 Bc8 23. Ne3 Re8 24. h3 Bd7 25. Qc4 Rb8 26. Qd3 b5 27. Nf5 b4 28.
axb4 axb4 29. Na4 Bb5 30. Qg3 Nh5 31. Nxh6+ Kf8 32. Qf3 gxh6 33. Qxh5 Qf6 34.
Rd2 c4 35. Rad1 c3 36. Rd4 Bxa4 37. Bxa4 Re5 38. Qg4 Rd8 39. Rxb4 Rexd5 40. Rxd5
Rxd5 41. Rb8+ Rd8 42. Rxd8+ Qxd8 43. Qb4+ Kg7 44. Qxc3+ Kg8 45. Qg3+ Kf8 46. Qb3
Qd4 47. Qd1 Qb4 48. Bc2 Kg7 49. g3 Qc3 50. Qg4+ Kf8 51. Qe4 Qa1+ 52. Kg2 Kg7 53.
Qf3 1-0

[Event "Women's Speed Chess Q5"]
[Site "chess.com INT"]
[Date "2020.06.22"]
[Round "3"]
[White "Kaya, Emel"]
[Black "Cholleti, Sahajasri"]
[Result "0-1"]
[WhiteTitle "WCM"]
[BlackTitle "WIM"]
[WhiteElo "1912"]
[BlackElo "2235"]
[WhiteFideId "6306411"]
[BlackFideId "5045118"]
[EventDate "2020.06.22"]

1. e4 c5 2. Nf3 d6 3. Bb5+ Nd7 4. d4 cxd4 5. Qxd4 a6 6. Bxd7+ Bxd7 7. O-O Rc8 8.
Nc3 e5 9. Qd3 h6 10. Rd1 Nf6 11. a4 Be7 12. Nd2 Qc7 13. Nf3 Be6 14. h3 O-O 15.
Be3 d5 16. exd5 Rfd8 17. Qe2 Nxd5 18. Nxd5 Bxd5 19. c3 Bb3 20. Rxd8+ Rxd8 21.
Re1 f6 22. Nh4 Qd7 23. a5 Qe6 24. Bb6 Rd7 25. Qh5 Bf8 26. Nf5 Qf7 27. Qg4 Kh8
28. h4 Be6 29. h5 Rd2 30. b4 Qd7 31. Be3 Bxf5 32. Qg3 Rd1 33. Rxd1 Qxd1+ 34. Kh2
Qxh5+ 35. Kg1 Qd1+ 36. Kh2 Qg4 37. Qxg4 Bxg4 38. Kg3 Be6 39. f4 Kg8 40. fxe5
fxe5 41. Kf3 Bd6 42. Ke4 Kf7 43. Kd3 Ke7 44. c4 Bxb4 45. Bb6 Kd6 46. Ke4 Bxc4
47. g4 Bd5+ 48. Kf5 Bc5 49. Bd8 e4 50. Bh4 e3 51. Be1 Bd4 52. g5 hxg5 53. Kxg5
Ke5 54. Kg6 Ke4 55. Kh7 Kd3 56. Kh8 e2 57. Kh7 Bc3 58. Bg3 e1=Q 59. Bxe1 Bxe1
60. Kh8 Bxa5 61. Kh7 Bc3 62. Kh8 g5+ 63. Kh7 g4 64. Kh6 g3 0-1

[Event "Women's Speed Chess Q5"]
[Site "chess.com INT"]
[Date "2020.06.22"]
[Round "3"]
[White "Sebag, Marie"]
[Black "Khalafova, Narmin"]
[Result "0-1"]
[WhiteTitle "GM"]
[BlackTitle "WGM"]
[WhiteElo "2438"]
[BlackElo "2279"]
[WhiteFideId "617822"]
[BlackFideId "13402625"]
[EventDate "2020.06.22"]

1. e4 c5 2. Nf3 d6 3. d4 Nf6 4. Nc3 cxd4 5. Nxd4 a6 6. h3 e5 7. Nde2 h5 8. g3
Be7 9. Bg2 Be6 10. Be3 Nbd7 11. a4 O-O 12. a5 Rc8 13. O-O Nc5 14. f4 Bc4 15. Rf2
Bxe2 16. Qxe2 h4 17. f5 hxg3 18. Rff1 Nh7 19. Nd5 Bg5 20. Ra3 Nd7 21. Qg4 Bxe3+
22. Rxe3 Ndf6 23. Nxf6+ Qxf6 24. c3 Kh8 25. Rxg3 Qh6 26. Rd1 Rg8 27. Rgd3 Rc6
28. Qf3 Rd8 29. Qf2 Nf6 30. Qd2 Qxd2 31. R1xd2 Nh5 32. Rd1 Nf4 33. R3d2 Kg8 34.
Kf2 Kf8 35. h4 Ke7 36. Bf3 Rc5 37. Rg1 Kf6 38. Rgd1 Ke7 39. Ke3 Rxa5 40. Rg1 Kf6
41. Rgd1 Ke7 42. h5 Rc5 43. Rg1 Kf6 44. Rh1 b5 45. h6 gxh6 46. Rxh6+ Ke7 47. f6+
Kd7 48. Bg4+ Kc7 49. Rh7 Rf8 50. Bf5 a5 51. Rg2 Nxg2+ 52. Kf3 Nf4 53. Kg4 b4 54.
cxb4 axb4 55. Kg5 Rc2 56. Kh6 Rh2+ 57. Kg7 Rxh7+ 58. Bxh7 Ne6+ 59. Kh6 Ra8 0-1

[Event "Women's Speed Chess Q5"]
[Site "chess.com INT"]
[Date "2020.06.22"]
[Round "3"]
[White "Swati, Mohota"]
[Black "Nithyalakshmi, Sivanesan"]
[Result "0-1"]
[WhiteTitle "WFM"]
[BlackTitle "WCM"]
[WhiteElo "2027"]
[BlackElo "1945"]
[WhiteFideId "5006511"]
[BlackFideId "5706955"]
[EventDate "2020.06.22"]

1. d4 Nf6 2. c4 g6 3. Nc3 d5 4. Nf3 Bg7 5. Bf4 O-O 6. e3 c6 7. h3 Na6 8. cxd5
Nxd5 9. Nxd5 Qxd5 10. Be2 Bf5 11. a3 Nb8 12. O-O Nd7 13. Rc1 Nf6 14. Bc4 Qd7 15.
Ne5 Qd8 16. Qb3 Qb6 17. Bxf7+ Kh8 18. Bc4 Ne4 19. Qxb6 axb6 20. Nf7+ Kg8 21.
Nd6+ Kh8 22. Nxf5 gxf5 23. Rfd1 b5 24. Bd3 Rad8 25. f3 Nd6 26. Rc2 Nf7 27. Bxf5
e5 28. Bg3 exd4 29. exd4 Rxd4 30. Rxd4 Bxd4+ 31. Kf1 Kg7 32. Rd2 c5 33. Bf2 Ne5
34. Bxd4 cxd4 35. Be4 Rd8 36. Ke2 Nc4 37. Rc2 b6 38. Bc6 d3+ 39. Kf2 dxc2 40.
Bxb5 c1=Q 41. Bxc4 Qxc4 42. Kg3 Qc2 43. h4 Qxb2 44. Kh3 Qxa3 45. h5 Rd5 46. Kh4
Qc5 47. g4 Qe7+ 48. Kg3 Rd2 49. f4 Rd3+ 50. Kf2 Qe3+ 51. Kg2 Qf3+ 52. Kg1 Rd1+ 0-1

[Event "Women's Speed Chess Q5"]
[Site "chess.com INT"]
[Date "2020.06.22"]
[Round "3"]
[White "Muminova, Nafisa"]
[Black "Nguyen, Thi Mai Hung"]
[Result "1-0"]
[WhiteTitle "WGM"]
[BlackTitle "WGM"]
[WhiteElo "2274"]
[BlackElo "2258"]
[WhiteFideId "14201526"]
[BlackFideId "12401676"]
[EventDate "2020.06.22"]

1. d4 d5 2. Nc3 c6 3. Bf4 Bf5 4. f3 Nf6 5. g4 Bg6 6. h4 h6 7. e3 e6 8. Bd3 Bxd3
9. Qxd3 Bd6 10. O-O-O Bxf4 11. exf4 Nbd7 12. Nge2 Qc7 13. g5 Nh5 14. g6 f5 15.
Qe3 Qd6 16. Kb1 O-O-O 17. Rd3 Rhf8 18. Na4 Rf6 19. Rg1 Nf8 20. Nc5 Rxg6 21. Rxg6
Nxg6 22. Rb3 b6 23. Nd3 Nxh4 24. Ne5 Qc7 25. Rc3 Rd6 26. b4 b5 27. Qf2 g5 28.
fxg5 hxg5 29. f4 Nf6 30. fxg5 Ne4 31. Qxh4 Nxc3+ 32. Nxc3 Rd8 33. g6 Qg7 34.
Nxc6 Re8 35. Nxb5 Qxg6 36. Nd6+ Kd7 37. Nxe8 Qg1+ 38. Kb2 Kxc6 39. Qf6 Qe1 40.
a3 Qe3 41. Ng7 Kd7 42. Qf7+ Kd6 43. Qf8+ Kc6 44. Qc5+ Kd7 45. Qxa7+ Kd6 46. Qc5+
Kd7 47. b5 f4 48. Qc6+ Kd8 49. Nxe6+ Ke7 50. Nxf4 Qxd4+ 51. Kb3 Qxf4 52. Qxd5
Qe3+ 53. Qd3 Qc5 54. Qc4 Qe3+ 55. c3 1-0